000
00228nmm a2200085Ia 4500
008
220120s9999||||xx |||||||||||||||||und||
100
_a
PCQ
245
0
_a
Featureign windows vista RC/ walkthrough , witi fashion, ent
260
_c
2006
999
_c
138593
_d
138593